Self-Determining Haiti Four articles reprinted from The Nation embodying a report of an investigation made for the National Association for the Advancement of Colored People.

Saved in:
Bibliographic Details
Main Author: Johnson, James Weldon, 1871-1938
Format: Electronic eBook
Language:English
Published: Project Gutenberg, 2011
Series:Project Gutenberg 35025
Online Access:http://www.gutenberg.org/etext/35025
Rights
Tags: Add Tag
No Tags, Be the first to tag this record!
Call Number :

MARC

LEADER 00000cam a22000003a 4500
001 86271
003 MY-KLNDU
005 20241219043908.0
008 210403s2011||||xxu|||||s|||||000 | eng d
035 |a (PGUSA)35025 
039 9 |y 202104031620  |z VLOAD 
040 |a PGUSA  |b eng 
042 |a dc 
100 1 |a Johnson, James Weldon, 1871-1938 
245 1 0 |a Self-Determining Haiti Four articles reprinted from The Nation embodying a report of an investigation made for the National Association for the Advancement of Colored People.  |h [electronic resource] /  |c by James Weldon, 1871-1938 Johnson 
260 |b Project Gutenberg,  |c 2011 
500 |a Project Gutenberg 
506 |a Freely available. 
516 |a Electronic text 
599 |a Dummy Record 
830 0 |a Project Gutenberg  |v 35025 
856 4 0 |u http://www.gutenberg.org/etext/35025 
856 4 2 |u http://www.gutenberg.org/license  |3 Rights 
999 |a vtls000098568  |c 86271  |d 86271